000 00628nam a2200193 a 4500
005 20210223130722.0
008 081009s2000 mx r 000 0 spa d
020 _a9688204765
035 _aUPN01000163000
049 _aUNE
080 _aOC 342.2 (72) "1992" AGE
245 0 0 _aAgenda de México, 13a.; 1992.
260 _aMéxico : Presidencia de la República, 1992.
300 _a263 p.; 22 cm. lamns.
690 _aPolitica gubernamental- Mexico
690 _aPolitica de desarrollo- Mexico
710 1 _aMéxico. Presidencia de la República. Dirección General de Comunicación Social.
_928161
905 _aUNESCO
999 _c135113
_d135113